Southville International School and Colleges
Your cart is empty.
  • Cart
  • Lists
    Public lists Eva Luna New books Lux_list list_1
    Your lists Log in to create your own lists
  • Log in to your account
  • Your cookies
  • Search history
Southville International School and Colleges
  • Advanced search
  • Recent comments
  • Most popular
  • Libraries

Log in to your account

Log in with GOOGLE


If you do not have an external account, but do have a local account, you can still log in:

  1. Home
  2. MARC view: The Earliest Arithmetics in English
Normal view MARC view ISBD view

The Earliest Arithmetics in English (Record no. 254919)

[ view plain ]
MARC details
000 -LEADER
fixed length control field 00835cam a22002893a 4500
001 - CONTROL NUMBER
control field 25664
003 - CONTROL NUMBER IDENTIFIER
control field PGUSA
005 - DATE AND TIME OF LATEST TRANSACTION
control field 20140828083542.0
008 - FIXED-LENGTH DATA ELEMENTS--GENERAL INFORMATION
fixed length control field 080601s2008||||xxu|||||s|||||000 | eng d
040 ## - CATALOGING SOURCE
Original cataloging agency PGUSA
Language of cataloging eng
042 ## - AUTHENTICATION CODE
Authentication code dc
050 #4 - LIBRARY OF CONGRESS CALL NUMBER
Classification number QA
245 14 - TITLE STATEMENT
Title The Earliest Arithmetics in English
Medium [electronic resource]
260 ## - PUBLICATION, DISTRIBUTION, ETC. (IMPRINT)
Name of publisher, distributor, etc Project Gutenberg,
Date of publication, distribution, etc 2008
506 ## - RESTRICTIONS ON ACCESS NOTE
Terms governing access Public domain in the USA.
516 ## - TYPE OF COMPUTER FILE OR DATA NOTE
Type of computer file or data note Electronic text
653 ## - INDEX TERM--UNCONTROLLED
Uncontrolled term Mathematics -- History
653 ## - INDEX TERM--UNCONTROLLED
Uncontrolled term Algorithms
653 ## - INDEX TERM--UNCONTROLLED
Uncontrolled term Arithmetic -- Early works to 1900
700 1# - ADDED ENTRY--PERSONAL NAME
Personal name Steele, Robert,
Dates associated with a name 1860-1944
700 1# - ADDED ENTRY--PERSONAL NAME
Personal name Sacro Bosco, Joannes de, active 1230
700 1# - ADDED ENTRY--PERSONAL NAME
Personal name Alexander, de Villa Dei
700 1# - ADDED ENTRY--PERSONAL NAME
Personal name Record, Robert,
Dates associated with a name -1558
830 #0 - SERIES ADDED ENTRY--UNIFORM TITLE
Uniform title Project Gutenberg
Volume number/sequential designation 25664
856 40 - ELECTRONIC LOCATION AND ACCESS
Uniform Resource Identifier <a href="http://www.gutenberg.org/ebooks/25664">http://www.gutenberg.org/ebooks/25664</a>
942 ## - ADDED ENTRY ELEMENTS (KOHA)
Koha item type eBooks
Holdings
Withdrawn status Lost status Damaged status Home library Current library Date acquired Total Checkouts Date last seen Price effective from Koha item type
      Project Gutenberg Project Gutenberg 08/28/2014   08/28/2014 08/28/2014 eBooks

The Earliest Arithmetics in English

APA

Steele R., Sacro Bosco J. d. a. 1., Alexander d. V. D. & Record R. (2008). The Earliest Arithmetics in English. : Project Gutenberg.

Chicago

Steele Robert, Sacro Bosco Joannes de active 1230, Alexander de Villa Dei and Record Robert. 2008. The Earliest Arithmetics in English. : Project Gutenberg.

Harvard

Steele R., Sacro Bosco J. d. a. 1., Alexander d. V. D. and Record R. (2008). The Earliest Arithmetics in English. : Project Gutenberg.

MLA

Steele Robert, Sacro Bosco Joannes de active 1230, Alexander de Villa Dei and Record Robert. The Earliest Arithmetics in English. : Project Gutenberg. 2008.

  • Place hold
  • Print
  • Cite
  • Add to your cart (remove)
  • Save record
    BIBTEX Dublin Core MARCXML MARC (non-Unicode/MARC-8) MARC (Unicode/UTF-8) MARC (Unicode/UTF-8, Standard) MODS (XML) RIS
  • More searches
    Search for this title in:
    Other Libraries (WorldCat) Other Databases (Google Scholar) Online Stores (Bookfinder.com) Open Library (openlibrary.org)

Exporting to Dublin Core...

SOUTHVILLE LIBRARY

Southville International School and Colleges Library

1281 Tropical Ave. Cor. Luxembourg St., BF Homes International, Las Pinas City

Tel. No. 8256374 / 252358 Loc. 117/146

Powered by Koha